00535nam a22001817a 450000500170000001000150001702000260003203500140005803700130007208200150008510000150010024500630011525000100017826000360018827000760022430000270030070000260032720230316153752.0 aENG-136444 c595.00a9789381113349 aEN-119976 bDBAD/PUB a342.540684 aRamappa, T aProfessional Services :cBy T RamappabRights And Duties / aFirst bAsia Law HouseaHyderabadc2023 aOpposite High Court Hyderabad 2bHyderabadk24526212masialaw@sify.com axiviii584p.c23cm(pbk) aRaghuram, GeForeword